000 00721nam a2200229 4500
001 138765
003 ES-MaACL
005 20230906195630.0
007 t|
008 070214s1972 fr r ||||1| spa d
100 1 _aSanz Oller, Julio.
_9103667
245 1 0 _aEntre el fraude y la esperanza
_b: las Comisiones Obreras de Barcelona /
_cJulio Sanz Oller.
260 _aParis :
_bRuedo Ibérico,
_c1972.
300 _aXII, 364 p. ;
_c18 cm.
490 1 _aTestimonio ;
_v3
600 1 4 _aSanz Oller, Julio.
_9103667
610 2 4 _aComisiones Obreras (Barcelona)
_9171723
710 2 _aÉditions Ruedo ibérico.
_9145333
830 1 _aTestimonio ;
_v3
_9178337
852 _aES-MaACL
_jL-2941
999 _c138765
_d138765